000 00304nam a22001217a 4500
008 230626b xxu||||| |||| 00| 0 eng d
082 _a328.7
_bDUN
100 _bPhil Duncan
245 _aPolitics in America 1994
_bThe 103rd Congress
260 _aUS
_c1994
_bCQ Press
300 _a1747p
942 _2ddc
_cBK
999 _c2576
_d2576